Microsoft SQL Server 2016 : (Record no. 615175)

000 -LEADER
fixed length control field 03339cam a22004817i 4500
001 - CONTROL NUMBER
control field 20097047
005 - DATE AND TIME OF LATEST TRANSACTION
control field 20251015134856.0
008 - FIXED-LENGTH DATA ELEMENTS--GENERAL INFORMATION
fixed length control field 171026t20162017nyua f 001 0 eng d
010 ## - LIBRARY OF CONGRESS CONTROL NUMBER
LC control number 2017446856
020 ## - INTERNATIONAL STANDARD BOOK NUMBER
International Standard Book Number 9781259641794
020 ## - INTERNATIONAL STANDARD BOOK NUMBER
International Standard Book Number 1259641791
035 ## - SYSTEM CONTROL NUMBER
System control number 20097047
035 ## - SYSTEM CONTROL NUMBER
System control number (OCoLC)945950150
040 ## - CATALOGING SOURCE
Original cataloging agency BTCTA
Language of cataloging eng
Transcribing agency BTCTA
Description conventions rda
Modifying agency YDXCP
-- OQX
-- VP@
-- OCLCF
-- IMD
-- DSC
-- TOH
-- JTH
-- CHVBK
-- OCLCO
-- YDX
-- BDX
-- DLC
042 ## - AUTHENTICATION CODE
Authentication code lccopycat
050 00 - LIBRARY OF CONGRESS CALL NUMBER
Classification number QA76.9.D3
Item number P48 2017
082 04 - DEWEY DECIMAL CLASSIFICATION NUMBER
Classification number 005.7585
Edition number 23
Author Mark PET
100 1# - MAIN ENTRY--PERSONAL NAME
Personal name Petković, Dušan,
Relator term author.
9 (RLIN) 131172
245 10 - TITLE STATEMENT
Title Microsoft SQL Server 2016 :
Remainder of title a beginner's guide /
Statement of responsibility, etc. Dušan Petković.
250 ## - EDITION STATEMENT
Edition statement Sixth Edition
264 #1 - PRODUCTION, PUBLICATION, DISTRIBUTION, MANUFACTURE, AND COPYRIGHT NOTICE
Place of production, publication, distribution, manufacture New York :
Name of producer, publisher, distributor, manufacturer McGraw-Hill Education ,
Date of production, publication, distribution, manufacture, or copyright notice 2016.
264 #4 - PRODUCTION, PUBLICATION, DISTRIBUTION, MANUFACTURE, AND COPYRIGHT NOTICE
Date of production, publication, distribution, manufacture, or copyright notice ©2017
300 ## - PHYSICAL DESCRIPTION
Extent xxxiii, 861 pages :
Other physical details illustrations ;
Dimensions 23 cm
336 ## - CONTENT TYPE
Content type term text
Content type code txt
Source rdacontent
337 ## - MEDIA TYPE
Media type term unmediated
Media type code n
Source rdamedia
338 ## - CARRIER TYPE
Carrier type term volume
Carrier type code nc
Source rdacarrier
500 ## - GENERAL NOTE
General note Includes index.
505 0# - FORMATTED CONTENTS NOTE
Formatted contents note Relational database systems: an introduction -- Planning the installation and installing SQL server -- SQL server management studio -- SQL components -- Data definitions language -- Queries -- Modification of a table's contents -- Stored procedures and user defined functions -- System catalog -- Indices -- Views -- Security system of the database engine -- Concurrency control -- Triggers -- System environment of the database engine -- Backup, recovery, and system availability -- Automating system administration tasks -- Data replication -- Query optimizer -- Performance tuning -- In-memory OLTP -- Business intelligence: an introduction -- SQL server analysis services -- Business intelligence and transact-SQL -- SQL server reporting services -- Optimizing techniques for data warehousing -- Columnstore indices -- XML and JSON integration in the database engine -- Spatial and temporal data -- SQL server full-text search.
520 ## - SUMMARY, ETC.
Summary, etc. Get up and running on Microsoft SQL Server 2016 in no time with help from this thoroughly revised, practical resource. The book offers thorough coverage of SQL management and development and features full details on the newest business intelligence, reporting, and security features. Filled with new real-world examples and hands-on exercises, Microsoft SQL Server 2016: A Beginner's Guide, Sixth Edition, starts by explaining fundamental relational database system concepts. From there, you will learn how to write Transact-SQL statements, execute simple and complex database queries, handle system administration and security, and use the powerful analysis and BI tools. XML, spatial data, and full-text search are also covered in this step-by-step tutorial.
630 00 - SUBJECT ADDED ENTRY--UNIFORM TITLE
Uniform title SQL server.
9 (RLIN) 81734
630 07 - SUBJECT ADDED ENTRY--UNIFORM TITLE
Uniform title SQL server.
Source of heading or term fast
Authority record control number or standard number (OCoLC)fst01376937
9 (RLIN) 81734
650 #0 - SUBJECT ADDED ENTRY--TOPICAL TERM
Topical term or geographic name entry element Database management.
650 #7 - SUBJECT ADDED ENTRY--TOPICAL TERM
Topical term or geographic name entry element Database management.
Source of heading or term fast
Authority record control number or standard number (OCoLC)fst00888037
9 (RLIN) 131173
650 #7 - SUBJECT ADDED ENTRY--TOPICAL TERM
Topical term or geographic name entry element SQL Server
Source of heading or term gnd
9 (RLIN) 113079
650 #7 - SUBJECT ADDED ENTRY--TOPICAL TERM
Topical term or geographic name entry element Relationale Datenbank
Source of heading or term gnd
9 (RLIN) 131174
650 #7 - SUBJECT ADDED ENTRY--TOPICAL TERM
Topical term or geographic name entry element Datenbanksprache
Source of heading or term gnd
9 (RLIN) 131175
650 #7 - SUBJECT ADDED ENTRY--TOPICAL TERM
Topical term or geographic name entry element SQL
Source of heading or term gnd
9 (RLIN) 62710
655 #7 - INDEX TERM--GENRE/FORM
Genre/form data or focus term Handbooks and manuals.
Source of term fast
Authority record control number (OCoLC)fst01423877
9 (RLIN) 280
655 #7 - INDEX TERM--GENRE/FORM
Genre/form data or focus term Handbooks and manuals.
Source of term lcgft
9 (RLIN) 280
906 ## - LOCAL DATA ELEMENT F, LDF (RLIN)
a 7
b cbc
c copycat
d 2
e ncip
f 20
g y-gencatlg
942 ## - ADDED ENTRY ELEMENTS (KOHA)
Source of classification or shelving scheme
Koha item type Book
Holdings
Withdrawn status Lost status Source of classification or shelving scheme Damaged status Not for loan Permanent Location Current Location Shelving location Date acquired Total Checkouts Full call number Barcode Date last seen Price effective from Koha item type
          Central Library (CL) Central Library (CL) Lincoln Corner 10/15/2025   005.7585 PET LC-526 10/15/2025 10/15/2025 Book
© 2023 Central Library, National University of Sciences and Technology. All Rights Reserved.